[Event "BEL-chT 2324"]
[Site "Belgium"]
[Date "2024.01.28"]
[Round "6.7"]
[White "Sonntag, Hans Hubert"]
[Black "Vanheirzeele, Daniel"]
[Result "1/2-1/2"]
[WhiteElo "2286"]
[BlackElo "2016"]
[PlyCount "47"]
[EventDate "2023.09.24"]
[EventType "team-tourn"]
[EventRounds "11"]
[EventCountry "BEL"]
[SourceTitle "EXT 2025"]
[Source "ChessBase"]
[SourceDate "2024.10.14"]
[SourceVersion "1"]
[SourceVersionDate "2024.10.14"]
[SourceQuality "1"]
[WhiteTeam "KSK Rochade"]
[BlackTeam "KGSRL"]
[WhiteTeamCountry "BEL"]
[BlackTeamCountry "BEL"]

1. e4 c5 2. Nf3 e6 3. d4 cxd4 4. Nxd4 Nf6 5. Nc3 Nc6 6. Nxc6 bxc6 7. e5 Nd5 8. Ne4 Qc7 9. f4 Qb6 10. c4 Bb4+ 11. Ke2 f5 12. exf6 Nxf6 13. Be3 Qd8 14. Nd6+ Bxd6 15. Qxd6 Bb7 16. Rd1 Rc8 17. Bd4 c5 18. Bxf6 gxf6 19. Kf2 Rg8 20. Rg1 Qe7 21. Be2 Qxd6 22. Rxd6 Ke7 23. Rd3 Be4 24. Ra3 1/2-1/2

[Event "BL2-West 2324"]
[Site "Germany"]
[Date "2023.12.03"]
[Round "4.4"]
[White "Sonntag, Hans Hubert"]
[Black "Bilych, Olexiy"]
[Result "1/2-1/2"]
[WhiteElo "2286"]
[BlackElo "2425"]
[PlyCount "49"]
[EventDate "2023.10.21"]
[EventType "team-tourn"]
[EventRounds "10"]
[EventCountry "GER"]
[SourceTitle "EXT 2025"]
[Source "ChessBase"]
[SourceDate "2024.10.14"]
[SourceVersion "1"]
[SourceVersionDate "2024.10.14"]
[SourceQuality "1"]
[WhiteTeam "Aachen"]
[BlackTeam "Bad Wolfhagen Emstal"]
[WhiteTeamCountry "GER"]
[BlackTeamCountry "GER"]

1. d4 d5 2. Nf3 Nf6 3. c4 e6 4. Nc3 c6 5. e3 Nbd7 6. Bd3 dxc4 7. Bxc4 b5 8. Bd3 a6 9. a4 b4 10. Ne4 c5 11. dxc5 Nxc5 12. Nxc5 Bxc5 13. Qe2 Bb7 14. 0-0 0-0 15. e4 e5 16. Bg5 h6 17. Bh4 Qe7 18. Rac1 Rfc8 19. Rc4 g5 20. Bg3 Nd7 21. a5 f6 22. Nd2 Rc7 23. Nb3 Rac8 24. Rfc1 Kg7 25. Kf1 1/2-1/2

[Event "BEL-chT 2324"]
[Site "Belgium"]
[Date "2023.10.22"]
[Round "3.6"]
[White "Sonntag, Hans Hubert"]
[Black "Keustermans, Helmut"]
[Result "1/2-1/2"]
[WhiteElo "2286"]
[BlackElo "1948"]
[PlyCount "35"]
[EventDate "2023.09.24"]
[EventType "team-tourn"]
[EventRounds "11"]
[EventCountry "BEL"]
[SourceTitle "EXT 2025"]
[Source "ChessBase"]
[SourceDate "2024.10.14"]
[SourceVersion "1"]
[SourceVersionDate "2024.10.14"]
[SourceQuality "1"]
[WhiteTeam "KSK Rochade"]
[BlackTeam "Mechelen"]
[WhiteTeamCountry "BEL"]
[BlackTeamCountry "BEL"]

1. d4 g6 2. c4 Nh6 3. Nc3 d6 4. h4 Bg7 5. h5 Nc6 6. hxg6 hxg6 7. Bg5 f6 8. Bxh6 Rxh6 9. Rxh6 Bxh6 10. e3 e5 11. Nf3 Bg4 12. Be2 exd4 13. Nxd4 Bxe2 14. Kxe2 Qd7 15. Nxc6 Qg4+ 16. Kd3 Qxd1+ 17. Rxd1 bxc6 18. g4 1/2-1/2

[Event "BL2-West 2223"]
[Site "Germany"]
[Date "2022.10.23"]
[Round "2.8"]
[White "Mainusch, Martin"]
[Black "Sonntag, Hans Hubert"]
[Result "1/2-1/2"]
[WhiteElo "2062"]
[BlackElo "2312"]
[PlyCount "72"]
[EventDate "2022.10.22"]
[EventType "team-tourn"]
[EventRounds "10"]
[EventCountry "GER"]
[SourceTitle "EXT 2024"]
[Source "ChessBase"]
[SourceDate "2023.10.10"]
[SourceVersion "1"]
[SourceVersionDate "2023.10.10"]
[SourceQuality "1"]
[WhiteTeam "Muelheim Nord II"]
[BlackTeam "Aachen SV"]
[WhiteTeamCountry "GER"]
[BlackTeamCountry "GER"]

1. Nf3 d5 2. g3 c6 3. Bg2 Bf5 4. 0-0 h6 5. b3 Nf6 6. Bb2 e6 7. d3 Be7 8. Nbd2 0-0 9. c4 a5 10. a3 Nbd7 11. Rc1 Bh7 12. Qc2 Bd6 13. Qb1 Qe7 14. Qa1 e5 15. cxd5 cxd5 16. e4 d4 17. a4 Nc5 18. Qb1 Nfd7 19. Nh4 Rab8 20. Ba3 Nxe4 21. Bxd6 Nxd6 22. Rfe1 b5 23. axb5 Nxb5 24. f4 Qb4 25. Qc2 exf4 26. gxf4 Nc3 27. f5 Rfe8 28. Ne4 Qxb3 29. Qxb3 Rxb3 30. Nc5 Rbb8 31. Nxd7 Rbd8 32. Rxe8+ Rxe8 33. Kf1 Rd8 34. Nb6 g5 35. fxg6 fxg6 36. Be4 Rf8+ 1/2-1/2

[Event "BL2-West 2223"]
[Site "Germany"]
[Date "2022.10.22"]
[Round "1.6"]
[White "Sonntag, Hans Hubert"]
[Black "Agrest, Inna"]
[Result "1-0"]
[WhiteElo "2312"]
[BlackElo "2260"]
[PlyCount "121"]
[EventDate "2022.10.22"]
[EventType "team-tourn"]
[EventRounds "10"]
[EventCountry "GER"]
[SourceTitle "EXT 2024"]
[Source "ChessBase"]
[SourceDate "2023.10.10"]
[SourceVersion "1"]
[SourceVersionDate "2023.10.10"]
[SourceQuality "1"]
[WhiteTeam "Aachen SV"]
[BlackTeam "Duesseldorf"]
[WhiteTeamCountry "GER"]
[BlackTeamCountry "GER"]

1. d4 Nf6 2. c4 g6 3. Nc3 Bg7 4. e4 d6 5. f3 0-0 6. Nge2 Nbd7 7. Be3 a6 8. Qd2 b5 9. cxb5 axb5 10. Nxb5 c6 11. Na3 e5 12. Nc3 d5 13. exd5 Nxd5 14. Nxd5 cxd5 15. Nc2 Re8 16. Kf2 exd4 17. Bxd4 Ne5 18. Bb5 Bd7 19. Bxd7 Qxd7 20. b3 Qf5 21. Rhd1 Bh6 22. Qc3 Rac8 23. Bc5 Ng4+ 24. Kg1 Ne3 25. Nxe3 Bxe3+ 26. Qxe3 Rxe3 27. Bxe3 Rc2 28. Bf2 h5 29. a4 Qe5 30. a5 Qb2 31. Rdb1 Qc3 32. a6 Qd2 33. Rf1 Rc8 34. a7 Ra8 35. Rfd1 Qb2 36. Bd4 Qe2 37. b4 h4 38. h3 Kh7 39. Bf2 Qb5 40. Ra5 Qxb4 41. Raxd5 Qa3 42. Rd7 Qa2 43. R1d4 g5 44. R4d5 Qa1+ 45. Kh2 Qf6 46. Rd1 Rc8 47. Kh1 g4 48. hxg4 h3 49. Kh2 Rh8 50. R1d6 Qe5+ 51. Bg3 Qa1 52. Rd1 Qa2 53. R1d2 Qa1 54. gxh3 Kg6 55. h4 Rc8 56. h5+ Kg7 57. Bf2 Qa3 58. Kg2 Qa6 59. Rd8 Kh7 60. Rxc8 Qxc8 61. Rb2 1-0

[Event "Bundesliga 2122"]
[Site "Germany"]
[Date "2022.07.10"]
[Round "15.2"]
[White "Arnaudov, Petar G"]
[Black "Sonntag, Hans Hubert"]
[Result "1-0"]
[WhiteElo "2469"]
[BlackElo "2327"]
[PlyCount "59"]
[EventDate "2022.03.05"]
[EventType "team-tourn"]
[EventRounds "15"]
[EventCountry "GER"]
[SourceTitle "CBM 209 Extra"]
[Source "ChessBase"]
[SourceDate "2022.09.30"]
[SourceVersion "1"]
[SourceVersionDate "2022.09.30"]
[SourceQuality "1"]
[WhiteTeam "Augsburg"]
[BlackTeam "Aachen"]
[WhiteTeamCountry "GER"]
[BlackTeamCountry "GER"]

1. Nf3 d5 2. c4 e6 3. g3 dxc4 4. Bg2 a6 5. 0-0 Nf6 6. Qc2 b5 7. Ne5 Nd5 8. d3 cxd3 9. Nxd3 Bb7 10. Rd1 Nd7 11. Nc3 Nxc3 12. Qxc3 Bxg2 13. Kxg2 Bd6 14. Qxg7 Qf6 15. Qg4 Qf5 16. Qxf5 exf5 17. Bf4 Ke7 18. Bxd6+ cxd6 19. Nb4 Rhc8 20. Rd4 Nf6 21. Rad1 Rc4 22. Rxc4 bxc4 23. Rd4 Rc8 24. Nxa6 d5 25. Nb4 Ke6 26. f3 Ra8 27. Rh4 Ra4 28. a3 c3 29. bxc3 Rxa3 30. Rh6 1-0

[Event "Bundesliga 2122"]
[Site "Germany"]
[Date "2022.07.09"]
[Round "14.1"]
[White "Vogel, Roven"]
[Black "Sonntag, Hans Hubert"]
[Result "1/2-1/2"]
[WhiteElo "2447"]
[BlackElo "2327"]
[PlyCount "58"]
[EventDate "2022.03.05"]
[EventType "team-tourn"]
[EventRounds "15"]
[EventCountry "GER"]
[SourceTitle "CBM 209 Extra"]
[Source "ChessBase"]
[SourceDate "2022.09.30"]
[SourceVersion "1"]
[SourceVersionDate "2022.09.30"]
[SourceQuality "1"]
[WhiteTeam "Dresden TU"]
[BlackTeam "Aachen"]
[WhiteTeamCountry "GER"]
[BlackTeamCountry "GER"]

1. Nf3 d5 2. d4 Nf6 3. c4 e6 4. g3 dxc4 5. Bg2 a6 6. 0-0 Nc6 7. Nc3 Rb8 8. e4 b5 9. e5 Nd5 10. Ng5 h6 11. Nge4 Bb7 12. Be3 Ncb4 13. Qe2 Be7 14. Qg4 g6 15. Rad1 h5 16. Qe2 Kf8 17. Bd2 Kg7 18. h4 Nxc3 19. bxc3 Bxe4 20. Bxe4 Nd5 21. a4 c6 22. Ra1 Qb6 23. Ra2 b4 24. Qxc4 bxc3 25. Bxc3 Nxc3 26. Qxc3 Rhd8 27. Rd1 Qb4 28. Qe3 Qc4 29. Rad2 Qxa4 1/2-1/2

[Event "Bundesliga 2122"]
[Site "Germany"]
[Date "2022.05.01"]
[Round "6.7"]
[White "Sonntag, Hans Hubert"]
[Black "Pruijssers, Roeland"]
[Result "0-1"]
[WhiteElo "2327"]
[BlackElo "2570"]
[PlyCount "44"]
[EventDate "2022.03.05"]
[EventType "team-tourn"]
[EventRounds "15"]
[EventCountry "GER"]
[SourceTitle "EXT 2023"]
[Source "ChessBase"]
[SourceDate "2022.10.05"]
[SourceVersion "1"]
[SourceVersionDate "2022.10.05"]
[SourceQuality "1"]
[WhiteTeam "Aachen"]
[BlackTeam "Werder Bremen"]
[WhiteTeamCountry "GER"]
[BlackTeamCountry "GER"]

1. e4 c5 2. Nf3 Nc6 3. d4 cxd4 4. Nxd4 Nf6 5. Nc3 d6 6. g3 g6 7. Nde2 Bg7 8. Bg2 0-0 9. 0-0 Rb8 10. a4 a6 11. h3 b5 12. axb5 axb5 13. Be3 b4 14. Nd5 Nd7 15. Nd4 Bxd4 16. Bxd4 e6 17. Be3 exd5 18. Qxd5 Qc7 19. Rfd1 Nce5 20. Ra7 Qxc2 21. Rd2 Qb1+ 22. Kh2 Nf6 0-1

[Event "BEL-chT 2122"]
[Site "Belgium"]
[Date "2021.10.24"]
[Round "1.6"]
[White "Sonntag, Hans Hubert"]
[Black "Piceu, Tom"]
[Result "1/2-1/2"]
[WhiteElo "2331"]
[BlackElo "2345"]
[PlyCount "87"]
[EventDate "2021.10.24"]
[EventType "team-tourn"]
[EventRounds "11"]
[EventCountry "BEL"]
[SourceTitle "EXT 2023"]
[Source "ChessBase"]
[SourceDate "2022.10.05"]
[SourceVersion "1"]
[SourceVersionDate "2022.10.05"]
[SourceQuality "1"]
[WhiteTeam "KSK Rochade"]
[BlackTeam "KBSK Brugge"]
[WhiteTeamCountry "BEL"]
[BlackTeamCountry "BEL"]

1. e4 c5 2. Nf3 d6 3. d4 cxd4 4. Nxd4 Nf6 5. Nc3 a6 6. Be3 e5 7. Nb3 Be6 8. f3 Be7 9. Qd2 0-0 10. Nd5 Nxd5 11. exd5 Bf5 12. Be2 Nd7 13. 0-0 Rc8 14. c4 b6 15. f4 exf4 16. Bxf4 Bg6 17. Nd4 Ne5 18. Rac1 Bf6 19. Rfd1 Re8 20. Nc6 Qd7 21. Nxe5 Bxe5 22. Bf3 h6 23. Bxe5 Rxe5 24. Qd4 Qc7 25. b4 Rce8 26. c5 bxc5 27. bxc5 Be4 28. cxd6 Qxd6 29. Qc5 Qg6 30. Bxe4 Rxe4 31. Rc2 Re2 32. Rxe2 Rxe2 33. Qc8+ Kh7 34. Qh3 Rxa2 35. d6 Rb2 36. d7 Rb8 37. Qe3 Rd8 38. Qe7 Qb6+ 39. Kh1 Qf6 40. Qxf6 gxf6 41. Rd6 a5 42. Kg1 Kg6 43. Kf2 a4 44. Ra6 1/2-1/2

[Event "Bundesliga 1920"]
[Site "Germany"]
[Date "2021.10.14"]
[Round "10.37"]
[White "Sonntag, Hans Hubert"]
[Black "Kasimdzhanov, Rustam"]
[Result "1/2-1/2"]
[WhiteElo "2338"]
[BlackElo "2660"]
[PlyCount "56"]
[EventDate "2019.11.23"]
[EventType "team-tourn"]
[EventRounds "15"]
[EventCountry "GER"]
[SourceTitle "EXT 2022"]
[Source "ChessBase"]
[SourceDate "2021.10.06"]
[SourceVersion "1"]
[SourceVersionDate "2021.10.06"]
[SourceQuality "1"]
[WhiteTeam "Aachen"]
[BlackTeam "Baden-Baden"]
[WhiteTeamCountry "GER"]
[BlackTeamCountry "GER"]

1. e4 c5 2. Nf3 Nc6 3. d4 cxd4 4. Nxd4 Nf6 5. Nc3 d6 6. g3 g6 7. Nde2 Bg7 8. Bg2 0-0 9. 0-0 Rb8 10. h3 b5 11. Be3 a5 12. Nd4 Nxd4 13. Bxd4 b4 14. Nd5 Nxd5 15. exd5 Bxd4 16. Qxd4 Bf5 17. c4 bxc3 18. Qxc3 Qb6 19. g4 Bd7 20. b3 Rbc8 21. Qd2 e5 22. dxe6 fxe6 23. Rac1 d5 24. Rxc8 Rxc8 25. Rc1 Rc5 26. Bf1 Qc7 27. Rxc5 Qxc5 28. Qg5 Be8 1/2-1/2

[Event "BEL-chT 1819"]
[Site "Belgium"]
[Date "2019.03.17"]
[Round "9.6"]
[White "Buscher, Michael"]
[Black "Sonntag, Hans Hubert"]
[Result "1/2-1/2"]
[WhiteElo "2393"]
[BlackElo "2346"]
[PlyCount "36"]
[EventDate "2018.09.30"]
[EventType "team-tourn"]
[EventRounds "11"]
[EventCountry "BEL"]
[SourceTitle "CBM 189 Extra"]
[Source "ChessBase"]
[SourceDate "2019.05.31"]
[SourceVersion "1"]
[SourceVersionDate "2019.05.31"]
[SourceQuality "1"]
[WhiteTeam "Echiquier Mosan"]
[BlackTeam "KSK Rochade"]
[WhiteTeamCountry "BEL"]
[BlackTeamCountry "BEL"]

1. c4 e6 2. Nf3 d5 3. g3 dxc4 4. Qa4+ c6 5. Qxc4 b5 6. Qc2 Bb7 7. Bg2 c5 8. 0-0 Nd7 9. d3 Ngf6 10. a4 a6 11. axb5 axb5 12. Rxa8 Qxa8 13. Na3 Bc6 14. b3 Be7 15. Bb2 0-0 16. Ra1 Qb7 17. Qd1 Nd5 18. e4 N5b6 1/2-1/2

[Event "BL2-West 1819"]
[Site "Germany"]
[Date "2019.01.20"]
[Round "5.6"]
[White "Sonntag, Hans Hubert"]
[Black "Kalka, Arkadius Georg"]
[Result "1/2-1/2"]
[WhiteElo "2337"]
[BlackElo "2331"]
[PlyCount "79"]
[EventDate "2018.11.21"]
[EventType "team-tourn"]
[EventRounds "9"]
[EventCountry "GER"]
[SourceTitle "CBM 190 Extra"]
[Source "ChessBase"]
[SourceDate "2019.07.15"]
[SourceVersion "1"]
[SourceVersionDate "2019.07.15"]
[SourceQuality "1"]
[WhiteTeam "Aachen SV"]
[BlackTeam "Dortmund Hansa"]
[WhiteTeamCountry "GER"]
[BlackTeamCountry "GER"]

1. e4 c5 2. Nf3 e6 3. d4 cxd4 4. Nxd4 Nc6 5. Nc3 Qc7 6. g3 Nf6 7. Ndb5 Qb8 8. Bf4 e5 9. Bg5 a6 10. Na3 b5 11. Bxf6 gxf6 12. Nd5 Bg7 13. Bh3 0-0 14. c3 d6 15. Bxc8 Qxc8 16. 0-0 Rb8 17. Qf3 Kh8 18. Nc2 Qe6 19. Nce3 Ne7 20. Rad1 Nxd5 21. Rxd5 Rfc8 22. Qe2 Rc6 23. Rfd1 Bf8 24. Qd3 Rc5 25. b3 Rbc8 26. c4 bxc4 27. Nxc4 Rxd5 28. Qxd5 Rd8 29. Qd3 Kg8 30. Ne3 Ra8 31. Nf5 a5 32. Qd5 Ra7 33. Rd2 a4 34. b4 a3 35. b5 Ra4 36. Kg2 Qxd5 37. Rxd5 Rxe4 38. Rd3 Rb4 39. Rxa3 Rxb5 40. Ra8 1/2-1/2

[Event "BL2-West 1819"]
[Site "Germany"]
[Date "2018.12.16"]
[Round "4.5"]
[White "Sonntag, Hans Hubert"]
[Black "Schaefer, Markus"]
[Result "1/2-1/2"]
[WhiteElo "2337"]
[BlackElo "2380"]
[PlyCount "40"]
[EventDate "2018.11.21"]
[EventType "team-tourn"]
[EventRounds "9"]
[EventCountry "GER"]
[SourceTitle "CBM 190 Extra"]
[Source "ChessBase"]
[SourceDate "2019.07.15"]
[SourceVersion "1"]
[SourceVersionDate "2019.07.15"]
[SourceQuality "1"]
[WhiteTeam "Aachen SV"]
[BlackTeam "Solingen II"]
[WhiteTeamCountry "GER"]
[BlackTeamCountry "GER"]

1. d4 d5 2. c4 c6 3. Nf3 Nf6 4. e3 Bf5 5. Nc3 e6 6. Nh4 Be4 7. f3 Bg6 8. Qb3 Qc7 9. Bd2 Be7 10. Nxg6 hxg6 11. 0-0-0 dxc4 12. Bxc4 b5 13. Bd3 a6 14. e4 c5 15. dxc5 Nbd7 16. Kb1 0-0 17. Be3 Nxc5 18. Bxc5 Qxc5 19. Qc2 Rac8 20. Qe2 Rfd8 1/2-1/2

[Event "BL2-West 1819"]
[Site "Germany"]
[Date "2018.11.25"]
[Round "3.5"]
[White "Alienkin, Aleksander"]
[Black "Sonntag, Hans Hubert"]
[Result "1-0"]
[WhiteElo "2389"]
[BlackElo "2337"]
[PlyCount "139"]
[EventDate "2018.11.21"]
[EventType "team-tourn"]
[EventRounds "9"]
[EventCountry "GER"]
[SourceTitle "CBM 190 Extra"]
[Source "ChessBase"]
[SourceDate "2019.07.15"]
[SourceVersion "1"]
[SourceVersionDate "2019.07.15"]
[SourceQuality "1"]
[WhiteTeam "Remagen Sinzig"]
[BlackTeam "Aachen SV"]
[WhiteTeamCountry "GER"]
[BlackTeamCountry "GER"]

1. e4 e5 2. Nf3 Nc6 3. Bb5 a6 4. Ba4 Nf6 5. Bxc6 dxc6 6. d3 Nd7 7. Nbd2 Bd6 8. Nc4 0-0 9. 0-0 c5 10. a4 b6 11. Be3 f6 12. c3 Kh8 13. Nfd2 Nb8 14. Nxd6 cxd6 15. b4 Nc6 16. a5 cxb4 17. Bxb6 Qe7 18. Qa4 bxc3 19. Qxc6 cxd2 20. Qxa8 Bb7 21. Qa7 Ra8 22. Bd8 Qd7 23. Qe3 Rxd8 24. Qxd2 d5 25. Qb4 h6 26. Rfc1 Bc6 27. h3 Bb5 28. Rc5 dxe4 29. dxe4 Qd3 30. Rc7 Rd7 31. Rac1 Rd6 32. Qc5 Qd2 33. Qa7 Rd4 34. Qb8+ Kh7 35. Qc8 Bd7 36. Qxa6 Rxe4 37. Qf1 Bf5 38. a6 Ra4 39. a7 Qa2 40. Qd1 Rxa7 41. Qd8 Ra6 42. Qe7 Qg8 43. R1c6 Rxc6 44. Rxc6 Kh8 45. Rxf6 gxf6 46. Qxf6+ Qg7 47. Qxf5 Qc7 48. Qf6+ Kh7 49. g3 Qc3 50. Kg2 Qc7 51. h4 Qb7+ 52. Kh2 Qe4 53. h5 Qc2 54. Kg2 Qe4+ 55. Qf3 Qxf3+ 56. Kxf3 Kg7 57. Ke4 Kf6 58. f4 exf4 59. gxf4 Ke6 60. f5+ Kd6 61. Kd4 Kd7 62. Ke5 Ke7 63. f6+ Kf8 64. Ke4 Kg8 65. Kf4 Kf8 66. Ke5 Ke8 67. Ke6 Kf8 68. f7 Kg7 69. Ke7 Kh7 70. Kf6 1-0

[Event "BL2-West 1819"]
[Site "Germany"]
[Date "2018.10.21"]
[Round "1.6"]
[White "Sonntag, Hans Hubert"]
[Black "Van Meegen, Ruud"]
[Result "1/2-1/2"]
[WhiteElo "2337"]
[BlackElo "2247"]
[PlyCount "33"]
[EventDate "2018.11.21"]
[EventType "team-tourn"]
[EventRounds "9"]
[EventCountry "GER"]
[SourceTitle "CBM 190 Extra"]
[Source "ChessBase"]
[SourceDate "2019.07.15"]
[SourceVersion "1"]
[SourceVersionDate "2019.07.15"]
[SourceQuality "1"]
[WhiteTeam "Aachen SV"]
[BlackTeam "Muelheim Nord II"]
[WhiteTeamCountry "GER"]
[BlackTeamCountry "GER"]

1. d4 Nf6 2. Nf3 e6 3. e3 b6 4. Bd3 Bb7 5. 0-0 d5 6. b3 Bd6 7. Ne5 0-0 8. Bb2 Nbd7 9. Nd2 Ne4 10. f3 Nxd2 11. Qxd2 c5 12. Rad1 Qc7 13. Nxd7 Qxd7 14. Qe2 Qc7 15. f4 Rac8 16. c4 f5 17. Rc1 1/2-1/2

[Event "BL2-West 1617"]
[Site "Germany"]
[Date "2017.04.23"]
[Round "8.6"]
[White "Van Osch, Mees"]
[Black "Sonntag, Hans Hubert"]
[Result "0-1"]
[WhiteElo "2309"]
[BlackElo "2346"]
[PlyCount "130"]
[EventDate "2016.10.16"]
[EventType "team-tourn"]
[EventRounds "9"]
[EventCountry "GER"]
[SourceTitle "EXT 2018"]
[Source "ChessBase"]
[SourceDate "2017.10.13"]
[SourceVersion "1"]
[SourceVersionDate "2017.10.13"]
[SourceQuality "1"]
[WhiteTeam "Muelheim II"]
[BlackTeam "Aachen SV"]
[WhiteTeamCountry "GER"]
[BlackTeamCountry "GER"]

1. e4 e5 2. Nf3 Nc6 3. Nc3 Nf6 4. d4 Bb4 5. Nxe5 Qe7 6. Nxc6 Qxe4+ 7. Be2 Bxc3+ 8. bxc3 Qxc6 9. 0-0 0-0 10. Rb1 a6 11. c4 d5 12. cxd5 Nxd5 13. Bf3 Bf5 14. Ba3 Rfe8 15. c4 Qxc4 16. Qb3 Qxb3 17. Rxb3 Be4 18. Rxb7 Bxf3 19. gxf3 Re2 20. Rfb1 f6 21. R7b2 Nc3 22. Rb8+ Rxb8 23. Rxb8+ Kf7 24. Rd8 Rxa2 25. Bc5 Ne2+ 26. Kg2 g5 27. d5 Nf4+ 28. Kg3 Rc2 29. Be3 Ke7 30. Ra8 Nxd5 31. Rxa6 Rc3 32. Bd2 Rd3 33. Bc1 h5 34. h3 Kf7 35. Ra8 Kg6 36. Re8 Kf5 37. Be3 h4+ 38. Kg2 c5 39. Rc8 c4 40. Kf1 Nxe3+ 41. fxe3 Rxe3 42. Rxc4 Rxf3+ 43. Kg2 Rg3+ 44. Kh2 Re3 45. Rc1 Re2+ 46. Kg1 Kf4 47. Rc4+ Kf3 48. Rc5 Re5 49. Rc1 f5 50. Kh2 Re2+ 51. Kh1 g4 52. Rc3+ Re3 53. Rc1 Kg3 54. hxg4 fxg4 55. Rf1 h3 56. Kg1 Re4 57. Ra1 Kh4 58. Ra8 Rf4 59. Ra1 g3 60. Ra2 g2 61. Kh2 Rf1 62. Ra4+ Kg5 63. Rg4+ Kf5 64. Kxh3 g1Q 65. Rg5+ Qxg5 0-1

[Event "BL2-West 1617"]
[Site "Germany"]
[Date "2017.03.19"]
[Round "7.6"]
[White "Sonntag, Hans Hubert"]
[Black "Zude, Arno"]
[Result "1/2-1/2"]
[WhiteElo "2353"]
[BlackElo "2400"]
[PlyCount "50"]
[EventDate "2016.10.16"]
[EventType "team-tourn"]
[EventRounds "9"]
[EventCountry "GER"]
[SourceTitle "EXT 2018"]
[Source "ChessBase"]
[SourceDate "2017.10.13"]
[SourceVersion "1"]
[SourceVersionDate "2017.10.13"]
[SourceQuality "1"]
[WhiteTeam "Aachen SV"]
[BlackTeam "Hofheim"]
[WhiteTeamCountry "GER"]
[BlackTeamCountry "GER"]

1. e4 e5 2. Nf3 Nc6 3. Bc4 Bc5 4. c3 Nf6 5. d4 exd4 6. cxd4 Bb4+ 7. Bd2 Bxd2+ 8. Nbxd2 d5 9. exd5 Nxd5 10. 0-0 0-0 11. Ne5 Nxe5 12. dxe5 Nb6 13. Bb3 Bf5 14. Nc4 Qe7 15. Nxb6 axb6 16. Re1 Ra5 17. f4 Qc5+ 18. Kh1 Qf2 19. g4 Be6 20. f5 Bxb3 21. Qxb3 Rxa2 22. Qxa2 Qf3+ 23. Kg1 Qxg4+ 24. Kh1 Qf3+ 25. Kg1 Qg4+ 1/2-1/2

[Event "BL2-West 1617"]
[Site "Germany"]
[Date "2016.12.05"]
[Round "3.4"]
[White "De Gleria, Francesco"]
[Black "Sonntag, Hans Hubert"]
[Result "1-0"]
[WhiteElo "2381"]
[BlackElo "2356"]
[PlyCount "68"]
[EventDate "2016.10.16"]
[EventType "team-tourn"]
[EventRounds "9"]
[EventCountry "GER"]
[SourceTitle "EXT 2018"]
[Source "ChessBase"]
[SourceDate "2017.10.13"]
[SourceVersion "1"]
[SourceVersionDate "2017.10.13"]
[SourceQuality "1"]
[WhiteTeam "Duesseldorf"]
[BlackTeam "Aachen SV"]
[WhiteTeamCountry "GER"]
[BlackTeamCountry "GER"]

1. e4 e5 2. Nf3 Nc6 3. d4 exd4 4. Nxd4 Bb4+ 5. c3 Bc5 6. Nxc6 bxc6 7. Bd3 Qh4 8. Qe2 d6 9. Be3 Bxe3 10. Qxe3 Nf6 11. Nd2 Ng4 12. Nf3 Qe7 13. Qd2 0-0 14. 0-0 c5 15. h3 Ne5 16. Nxe5 Qxe5 17. Rae1 Qe7 18. Re3 Be6 19. b3 a5 20. f4 f6 21. e5 fxe5 22. fxe5 Rxf1+ 23. Bxf1 d5 24. Bb5 Rd8 25. Rd3 Bf7 26. Qf4 Qe6 27. Qg5 Rf8 28. Rg3 Qg6 29. Qxg6 Bxg6 30. e6 Rb8 31. Bc6 d4 32. Rf3 h5 33. e7 Bf7 34. cxd4 cxd4 1-0

[Event "BL2-West 1617"]
[Site "Germany"]
[Date "2016.10.16"]
[Round "1.3"]
[White "Sonntag, Hans Hubert"]
[Black "Wegener, Olaf"]
[Result "1/2-1/2"]
[WhiteElo "2358"]
[BlackElo "2443"]
[PlyCount "31"]
[EventDate "2016.10.16"]
[EventType "team-tourn"]
[EventRounds "9"]
[EventCountry "GER"]
[SourceTitle "CBM 175 Extra"]
[Source "ChessBase"]
[SourceDate "2016.12.12"]
[SourceVersion "1"]
[SourceVersionDate "2016.12.12"]
[SourceQuality "1"]
[WhiteTeam "Aachen SV"]
[BlackTeam "Dortmund Hansa"]
[WhiteTeamCountry "GER"]
[BlackTeamCountry "GER"]

1. e4 c5 2. Nf3 d6 3. d4 cxd4 4. Nxd4 Nf6 5. f3 e5 6. Nb3 d5 7. Bg5 Be6 8. Bxf6 gxf6 9. exd5 Qxd5 10. Qxd5 Bxd5 11. Nc3 Be6 12. Bb5+ Nd7 13. Ne4 Be7 14. Nbc5 Bxc5 15. Nxc5 0-0-0 16. Bxd7+ 1/2-1/2

[Event "BL2-West 1516"]
[Site "Germany"]
[Date "2016.01.31"]
[Round "6.4"]
[White "Reinderman, Dimitri"]
[Black "Sonntag, Hans Hubert"]
[Result "1-0"]
[WhiteElo "2591"]
[BlackElo "2364"]
[PlyCount "73"]
[EventDate "2015.09.20"]
[EventType "team-tourn"]
[EventRounds "9"]
[EventCountry "GER"]
[SourceTitle "EXT 2017"]
[Source "ChessBase"]
[SourceDate "2016.10.25"]
[SourceVersion "1"]
[SourceVersionDate "2016.10.25"]
[SourceQuality "1"]
[WhiteTeam "Koeln Porz"]
[BlackTeam "Aachen SV"]
[WhiteTeamCountry "GER"]
[BlackTeamCountry "GER"]

1. c4 e6 2. Nf3 d5 3. b3 Nf6 4. g3 Be7 5. Bg2 0-0 6. 0-0 c5 7. Bb2 Nc6 8. e3 d4 9. exd4 cxd4 10. Re1 Ne8 11. Ne5 Nxe5 12. Rxe5 f6 13. Re1 Nc7 14. f4 a5 15. d3 Rb8 16. Nd2 b5 17. Rb1 Bb7 18. Bxb7 Rxb7 19. Qf3 Rb6 20. Qf2 a4 21. Ba1 axb3 22. Rxb3 Qd7 23. Qxd4 Rd6 24. Qe4 Ra6 25. cxb5 Rxa2 26. Nf3 Nxb5 27. Rxb5 Rxa1 28. Rxa1 Qxb5 29. Qxe6+ Rf7 30. d4 g6 31. Ra7 Qb4 32. Qa2 Kg7 33. Kg2 Rf8 34. Qe6 Rf7 35. Kh3 Qd6 36. d5 Qc5 37. Rd7 1-0